00948nam a22001577a 4500082001800000245005700018250002000075260003500095300001100130563000800141942001200149999001900161952018500180952021200365952021300577 a340.0941bHAL aHalsbury's Laws of England /cEditor Kenneth Mugford aFourth Edition. aLondon :bButterworths,c1980. c25 cm. aHB. 2ddccBK c616168d616168 00102ddc406340_094100000000000_HAL709644809aNLSbNLSd2026-02-10eDonated by Mr. Salahuddin Khan Advocate Supreme Courtl0o340.0941 HALpNLSD-446r2026-02-10w2026-02-10yBK 00102ddc406340_094100000000000_HAL_1983709644830aNLSbNLSd2026-02-11eDonated by Mr. Salahuddin Khan Advocate Supreme CourthPart-1 Volume 1-12o340.0941 HAL 1983pNLSD-450r2026-02-11w2026-02-11yBK 00102ddc406340_094100000000000_HAL_1983709644831aNLSbNLSd2026-02-11eDonated by Mr. Salahuddin Khan Advocate Supreme CourthPart-2 Volume 13-44o340.0941 HAL 1983pNLSD-451r2026-02-11w2026-02-11yBK